| Поле | Инд. | ПП | Название | Значение |
|---|---|---|---|---|
| Тип записи | a | |||
| Библиографический уровень | m | |||
| 001 | Контрольный номер | 26cdf25ddd59406a8e395df7fb0b7a5a | ||
| 005 | Дата корректировки | 20260522111921.5 | ||
| 040 | a | Служба первич. каталог. | 10013504 | |
| b | Код языка каталог. | rus | ||
| e | Правила каталог. | PSBO | ||
| 041 | 0_ | a | Код языка текста | rus |
| 084 | a | Индекс другой классификации/Индекс ББК | доп. | |
| 090 | a | Полочн. индекс | 531 | |
| x | Авторский знак | П 64 | ||
| r | Идентификатор организации | 10013504 | ||
| 100 | 1_ | a | Автор | Потапов А.А. |
| 245 | 10 | a | Заглавие | Вопросы конструкционного демпфирования в гироскопических устройствах |
| b | Продолж. заглавия | автореферат диссертации ... кандидата технических наук : специальность 05.253 - Приборы и устройства автоматики и телемеханики | ||
| c | Ответственность | науч. рук. В.В. Максимов, С.С. Арутюнов; Казанский авиационный институт | ||
| 260 | a | Место издания | Казань | |
| c | Дата издания | 1972 | ||
| 300 | a | Объем | 13 с. | |
| 653 | 0_ | a | Ключевые слова | АВТОРЕФЕРАТЫ |
| 700 | 12 | a | Другие авторы | Максимов В.В. |
| e | Роль лиц | Научный руководитель | ||
| a | Другие авторы | Арутюнов С.С. | ||
| e | Роль лиц | Научный руководитель | ||
| 901 | t | Тип документа | r | |
| 952 | d | Специальность | 05.253 Приборы и устройства автоматики и телемеханики | |
| a | Тип литературы для КСУ ВШ | БАНР | ||
| c | Вид литературы | автореферат |